| 000 | 05236cam a2200577 a 4500 | ||
|---|---|---|---|
| 001 | ocn351329786 | ||
| 003 | TZ-ArACH | ||
| 005 | 20140528144739.0 | ||
| 008 | 100414s2009 fr b i001 0 eng d | ||
| 010 | _a 2010288669 | ||
| 016 | 7 |
_a015429736 _2Uk |
|
| 020 | _a9780521136112 (pbk. : Cambridge Univ. Press) | ||
| 020 | _a9780521199469 (hardback : Cambridge Univ. Press) | ||
| 020 | _a9789231040900 (pbk. : UNESCO) | ||
| 020 | _a9231040901 (pbk. : UNESCO) | ||
| 020 | _a0521199468 | ||
| 020 | _a0521136113 (pbk.) | ||
| 035 |
_a(OCoLC)351329786 _z(OCoLC)441139799 |
||
| 040 |
_aBTCTA _beng _cTZ-ArACH _dDLC _dYDXCP _dEUN _dTEF _dUAB _dCDX _dGZL _dNLA _dBWX _dUCDLL _dDEBBG _dCOD _dUKMGB _dMIX _dOCLCA _dOCLCF _dBEDGE |
||
| 041 | _aEng | ||
| 042 | _alccopycat | ||
| 049 | _aTZAA | ||
| 050 | 0 | 0 |
_aK3240 _b.M54 |
| 082 | 4 | _a340.2 | |
| 245 | 0 | 0 |
_aMigration and human rights : the United Nations Convention on Migrant Workers' Rights _bthe United Nations Convention on Migrant Workers' Rights / _cedited by Ryszard Cholewinski, Paul de Guchteneire, Antoine Pécoud. |
| 260 |
_aParis : _bUNESCO Pub. ; _aCambridge, England : _bCambridge University Press, _c2009. |
||
| 300 |
_axx, 452 p. ; _c23 cm. |
||
| 504 | _aIncludes bibliographical references and index. | ||
| 505 | 0 | 0 |
_gIntroduction : _tThe UN Convention on Migrant Workers' Rights / _rPaul de Guchteneire and Antoine Pécoud -- _tMigration and human rights: the uneasy but essential relationship / _rGraziano Battistella -- _tRole of civil society in campaigning for and using the ICRMW / _rMariette Grange and Marie D'Auchamp -- _tCommittee on migrant workers and implementation of the ICRMW / _rCarla Edelenbos -- _tMigrants' rights in UN human rights convention / _rIsabelle Slinckx -- _tThe need for a rights-based approach to migration in the age of globalization / _tPatrick A. Taran -- _tObstacles to, and opportunities for, ratification of the ICRMW in Asia / _rNicola Piper -- _tObstacles to ratification of the ICRMW in Canada / _rVictor Piché, Eugénie Depatie-Pelletier and Dina Epale -- _tMexico's role in promoting and implementing the ICRMW / _rGabriela Díaz and Gretchen Kuhner -- _tMigrants' rights after apartheid: South African responses to the ICRMW / _rJohnathan Crush, Vincent Williams and Peggy Nicholson -- _tPolicy on the ICRMW in the United Kingdom / _rBernard Ryan -- _tThe French political refusal on Europe's behalf / _rHélène Oger -- _tMigration and human rights in Germany / _rFelicitas Hillmann and Amanda Klekowski Von Koppenfels -- _tMigration and human rights in Italy: prospects for the ICRMW / _rKristina Touzenis -- _tThe ICRMW and the European Union / _rEuan MacDonald and Ryszard Cholewinski. |
| 520 | _a"The UN Convention on Migrant Workers' Rights is the most comprehensive international treaty in the field of migration and human rights. Adopted in 1990 and entered into force in 2003, it sets a standard in terms of access to human rights for migrants. However, it suffers from a marked indifference: only forty states have ratified it and no major immigration country has done so. This highlights how migrants remain forgotten in terms of access to rights. Even though their labour is essential in the world economy, the non-economic aspect of migration -- and especially migrants' rights -- remain a neglected dimension of globalisation. This volume provides in-depth information on the Convention and on the reasons behind states' reluctance towards its ratification. It brings together researchers, international civil servants and NGO members and relies upon an interdisciplinary perspective that includes not only law, but also sociology and political science."--Publisher's description | ||
| 630 | 0 | 0 |
_aInternational Convention on the Protection of the Rights of All Migrant Workers and Members of their Families _d(1990) _914257 |
| 630 | 0 | 7 |
_aInternational Convention on the Protection of the Rights of All Migrant Workers and Members of their Families (1990) _2fast _914258 |
| 650 | 0 |
_aHuman rights. _914259 |
|
| 650 | 0 |
_aForeign workers _xLegal status, laws, etc. _914260 |
|
| 650 | 7 |
_aForeign workers _xLegal status, laws, etc. _2fast _914261 |
|
| 650 | 7 |
_aHuman rights. _2fast _914262 |
|
| 650 | 7 |
_aMigration. _2eclas _914263 |
|
| 650 | 7 |
_aTravailleurs migrants. _2eclas _914264 |
|
| 650 | 7 |
_aDroits de l'homme. _2eclas _914265 |
|
| 650 | 7 |
_aConventions internationales. _2eclas _914266 |
|
| 650 | 7 |
_aApplication des lois. _2eclas _914267 |
|
| 650 | 7 |
_aRatification d'accords. _2eclas _914268 |
|
| 700 | 1 |
_aCholewinski, Ryszard I. _q(Ryszard Ignacy), _d1964- _914269 |
|
| 700 | 1 |
_aGuchteneire, P. F. A. de _q(Paul F. A.) _914270 |
|
| 700 | 1 |
_aPécoud, Antoine, _d1974- _914271 |
|
| 856 |
_uhttp://bvbr.bib-bvb.de:8991/F?func=service&doc_library=BVB01&doc_number=020217335&line_number=0001&func_code=DB_RECORDS&service_type=MEDIA _zInhaltsverzeichnis |
||
| 942 |
_2lcc _cBOOK |
||
| 999 |
_c2881 _d2881 |
||